000 00912nam a2200265Ia 4500
003 OSt
005 20220930091910.0
006 a|||||r|||| 00| 0
007 ta
008 220926b |||||||| |||| 00| 0 eng d
024 _a10823
037 _cTheses
040 _aCRL
_cCRL
_beng
041 _2eng
_aeng
100 _aMichealraj K. Antony Au.
_9547094
110 _aUniversity of Delhi (South Campus). Faculty of Science. Department of Genetics
245 0 _aIdentification of funcational variants in dopamine receptor D4 and monoamine oxidase A and B gense by genotype - phenotype correlations
260 _c2013
300 _a122p.
_ap.
_ccm.
650 _aGENETICS
700 _a Thelma B. K. Gu.
_9543845
700 _aUniversity of Delhi (South Campus). Faculty of Science. Department of Genetics
942 _cDIS
_2CC
999 _c882851
_d882851